[Event "Campeonato de Australia 2007-2008"]
[Site "Parramatta AUS"]
[Date "2008.01.04"]
[Round "5.16"]
[White "Hacche, David"]
[Black "Suttor, Vincent"]
[Result "1/2-1/2"]
[WhiteElo "2182"]
[BlackElo "2139"]
[PlyCount "65"]
[EventDate "2008.01.02"]
[EventType "swiss"]
[EventRounds "11"]
[EventCountry "AUS"]
[Source "lmi"]
[SourceDate "2008.01.02"]

1. c4 Nf6 2. Nc3 d6 3. d4 g6 4. Nf3 Bg7 5. h3 O-O 6. Bf4 Nbd7 7. e3 Re8 8. Be2
c6 9. O-O a6 10. Rc1 b5 11. a3 Bb7 12. Bg5 h6 13. Bh4 Kh7 14. Qc2 Rc8 15. e4 e5
16. dxe5 dxe5 17. Rfd1 Qe7 18. Bxf6 Bxf6 19. b4 Nf8 20. c5 Rcd8 21. a4 Ne6 22.
Ra1 Rxd1+ 23. Nxd1 Rd8 24. axb5 axb5 25. Ra7 Ra8 26. Qa2 Qd8 27. Ne3 h5 28. Bd1
Kg7 29. Bb3 Rxa7 30. Qxa7 Bc8 31. Qa2 Qd3 32. Bc2 Qc3 33. Qb3 1/2-1/2

[Event "Campeonato de Australia 2007-2008"]
[Site "Parramatta AUS"]
[Date "2008.01.04"]
[Round "5.17"]
[White "Stojic, Dusan"]
[Black "Capilitan, Romeo"]
[Result "1-0"]
[WhiteElo "2155"]
[BlackElo "2134"]
[PlyCount "79"]
[EventDate "2008.01.02"]
[EventType "swiss"]
[EventRounds "11"]
[EventCountry "AUS"]
[Source "lmi"]
[SourceDate "2008.01.02"]

1. e4 Nc6 2. Nf3 e5 3. Bb5 a6 4. Ba4 Nf6 5. O-O Be7 6. Re1 b5 7. Bb3 d6 8. c3
Na5 9. Bc2 c5 10. h3 Qc7 11. d4 O-O 12. Nbd2 Rd8 13. Nf1 Nc4 14. Ng3 Bd7 15.
Bd3 cxd4 16. cxd4 exd4 17. Nxd4 Ne5 18. Bf1 Rac8 19. Ngf5 Bxf5 20. Nxf5 Bf8 21.
Bg5 Ned7 22. Rc1 Qb8 23. Qd4 Rc5 24. Rcd1 Rdc8 25. Re3 Re5 26. Bf4 g6 27. Nxd6
Bxd6 28. Qxd6 Qxd6 29. Rxd6 Re6 30. Rd1 Nb6 31. f3 Kg7 32. Re2 Nh5 33. Bh2 g5
34. Red2 Nf4 35. Bxf4 gxf4 36. Kf2 Kf6 37. g3 Ke5 38. g4 h5 39. g5 h4 40. Rd5+
1-0

[Event "Campeonato de Australia 2007-2008"]
[Site "Parramatta AUS"]
[Date "2008.01.04"]
[Round "5.18"]
[White "Morris, James"]
[Black "Wei, Michael"]
[Result "0-1"]
[WhiteElo "2096"]
[BlackElo "2139"]
[PlyCount "68"]
[EventDate "2008.01.02"]
[EventType "swiss"]
[EventRounds "11"]
[EventCountry "AUS"]
[Source "lmi"]
[SourceDate "2008.01.02"]

1. d4 Nf6 2. c4 c6 3. Nc3 d5 4. Nf3 e6 5. g3 dxc4 6. Bg2 b5 7. Ne5 Qb6 8. a4
Bb7 9. a5 Qa6 10. O-O Nbd7 11. Nxd7 Nxd7 12. Bf4 Nf6 13. e4 Be7 14. Re1 O-O 15.
Bg5 h6 16. Bh4 g5 17. e5 Nh7 18. Qh5 c5 19. d5 Bxd5 20. Bxd5 exd5 21. Nxd5 Bd8
22. e6 fxe6 23. Qg6+ Kh8 24. Rxe6 Qb7 25. Qe4 Qf7 26. f4 gxh4 27. Ne7 Bxe7 28.
Rxe7 Qf5 29. Qc6 hxg3 30. Qxh6 gxh2+ 31. Kh1 Rg8 32. Rd1 Rg1+ 33. Kxh2 Rg4 34.
Kh1 Rag8 0-1

[Event "Campeonato de Australia 2007-2008"]
[Site "Parramatta AUS"]
[Date "2008.01.04"]
[Round "5.19"]
[White "Atzmon-Simon, Barak"]
[Black "Malik, Hani"]
[Result "1-0"]
[WhiteElo "2142"]
[BlackElo "2009"]
[PlyCount "87"]
[EventDate "2008.01.02"]
[EventType "swiss"]
[EventRounds "11"]
[EventCountry "AUS"]
[Source "lmi"]
[SourceDate "2008.01.02"]

1. c4 g6 2. g3 Bg7 3. Bg2 Nf6 4. Nc3 O-O 5. d3 c6 6. e4 d6 7. Nge2 Ne8 8. Be3
Nd7 9. Qd2 Ne5 10. h3 f5 11. f4 Nf7 12. Bf3 e5 13. O-O-O Qa5 14. Kb1 Be6 15. g4
fxe4 16. Nxe4 Qxd2 17. Rxd2 Nf6 18. b3 Nd7 19. Rg1 d5 20. Nc5 Nxc5 21. Bxc5 Ng5
22. Bg2 exf4 23. Bxf8 Rxf8 24. h4 f3 25. hxg5 fxg2 26. Rxg2 Rf1+ 27. Kc2 Ra1
28. Nc3 dxc4 29. dxc4 h5 30. gxh6 Bxh6 31. Rd1 Rxd1 32. Kxd1 Bf4 33. Ke2 g5 34.
Kf3 Kf7 35. Re2 b6 36. Re4 Bd6 37. Ne2 c5 38. Nc3 Bd7 39. Nd5 b5 40. Re1 Bc6
41. Ke4 Kg6 42. Rf1 Bf4 43. Kd3 bxc4+ 44. bxc4 1-0

[Event "Campeonato de Australia 2007-2008"]
[Site "Parramatta AUS"]
[Date "2008.01.05"]
[Round "6.1"]
[White "Sales, Jesse Noel"]
[Black "Solomon, Stephen J"]
[Result "0-1"]
[WhiteElo "2126"]
[BlackElo "2468"]
[PlyCount "116"]
[EventDate "2008.01.02"]
[EventType "swiss"]
[EventRounds "11"]
[EventCountry "AUS"]
[Source "lmi"]
[SourceDate "2008.01.02"]

1. d4 Nf6 2. c4 c5 3. d5 e5 4. Nc3 d6 5. e4 Be7 6. Be2 O-O 7. g4 Ne8 8. h4 Bxh4
9. Qd3 Bg5 10. Bxg5 Qxg5 11. Nh3 Qe7 12. O-O-O a6 13. Rh2 b5 14. Rdh1 bxc4 15.
Qe3 f6 16. f4 g6 17. g5 Ra7 18. f5 gxf5 19. exf5 Bxf5 20. gxf6 Qxf6 21. Rf2 Rg7
22. Rhf1 Qg6 23. Ne4 Nd7 24. Rg1 Qxg1+ 25. Nxg1 Rxg1+ 26. Kd2 Rg7 27. Ng5 Nc7
28. Bxc4 Nb6 29. Bb3 Rg6 30. Ne6 Bxe6 31. Rxf8+ Kxf8 32. dxe6 Nxe6 33. Qf3+ Nf4
34. Qb7 d5 35. Qb8+ Kf7 36. Qc7+ Kg8 37. Qd8+ Kg7 38. Ke1 Re6 39. Bc2 Ng6 40.
Qc7+ Kf6 41. Qxc5 e4 42. b3 Ne5 43. Qf8+ Kg5 44. Qg8+ Rg6 45. Qxh7 Nbd7 46. Bd1
Nf6 47. Qa7 Kf5 48. Qf2+ Ke6 49. Qb6+ Kf5 50. Be2 Nfg4 51. Qc5 Kf4 52. Qf8+ Rf6
53. Qb8 Ke3 54. Qb4 Nf3+ 55. Bxf3 Kxf3 56. Qd4 Rc6 57. Qxd5 Rc1+ 58. Kd2 Rd1+
0-1

[Event "Campeonato de Australia 2007-2008"]
[Site "Parramatta AUS"]
[Date "2008.01.05"]
[Round "6.2"]
[White "Antic, Dejan"]
[Black "Van Riemsdijk, Herman Claudius"]
[Result "0-1"]
[WhiteElo "2480"]
[BlackElo "2391"]
[PlyCount "80"]
[EventDate "2008.01.02"]
[EventType "swiss"]
[EventRounds "11"]
[EventCountry "AUS"]
[Source "lmi"]
[SourceDate "2008.01.02"]

1. d4 Nf6 2. c4 e6 3. Nf3 d5 4. g3 Be7 5. Bg2 O-O 6. O-O dxc4 7. Nc3 Nc6 8. e4
Rb8 9. Bf4 b5 10. Qe2 b4 11. Na4 Ba6 12. Rfd1 Bb5 13. Qc2 Nxe4 14. Ne5 Nxe5 15.
dxe5 Qe8 16. Bxe4 Bxa4 17. b3 Bc6 18. Bxh7+ Kh8 19. Be4 Bxe4 20. Qxe4 c3 21.
Rd4 c5 22. Rc4 Rd8 23. h4 Rd5 24. Kg2 Qd7 25. Be3 Qc7 26. f4 Qd7 27. a3 a5 28.
axb4 cxb4 29. h5 Rd8 30. Kh3 Rc8 31. Bb6 Bd8 32. Bxd8 Qxd8 33. Rxc8 Qxc8 34. f5
Qd8 35. fxe6 fxe6 36. Rf1 Qe8 37. g4 Rd8 38. h6 Qd7 39. Kh4 gxh6 40. Rf6 Qd2
0-1

[Event "Campeonato de Australia 2007-2008"]
[Site "Parramatta AUS"]
[Date "2008.01.05"]
[Round "6.3"]
[White "Johansen, Darryl Keith"]
[Black "Rej, Tomek"]
[Result "1/2-1/2"]
[WhiteElo "2475"]
[BlackElo "2283"]
[PlyCount "124"]
[EventDate "2008.01.02"]
[EventType "swiss"]
[EventRounds "11"]
[EventCountry "AUS"]
[Source "lmi"]
[SourceDate "2008.01.02"]

1. c4 e5 2. Nc3 Bb4 3. Qb3 Nc6 4. e3 Nf6 5. Nd5 Bc5 6. a3 d6 7. Ne2 O-O 8. Nec3
Nxd5 9. cxd5 Ne7 10. Na4 c6 11. dxc6 Nxc6 12. Qd1 a6 13. Nxc5 dxc5 14. Be2 Be6
15. d3 Qd6 16. O-O Rfd8 17. b3 e4 18. Bb2 exd3 19. Bf3 Ne5 20. Be4 f5 21. Bf3
Nxf3+ 22. Qxf3 Bxb3 23. Qxb7 Bf7 24. Bc3 Rab8 25. Qf3 Bb3 26. Qxf5 d2 27. Bxd2
Qxd2 28. Qxc5 Rb5 29. Qe7 Bc4 30. Rfc1 Rf8 31. Qh4 Be6 32. Rd1 Qb2 33. Rf1 Rbf5
34. f3 h6 35. e4 Rc5 36. Qe7 Qd4+ 37. Kh1 Bb3 38. Rab1 Rf7 39. Qe8+ Rf8 40. Qe7
Qc4 41. h3 Rc7 42. Qd6 Rcc8 43. Rfe1 Rfd8 44. Qf4 Qe6 45. Qe3 Bc4 46. Rb6 Qe7
47. a4 Qc5 48. Qxc5 Rxc5 49. Rc1 Rdc8 50. Kh2 Kf7 51. h4 Be2 52. Rb7+ Kf6 53.
Re1 Rc2 54. Kg3 R8c6 55. Kf4 g5+ 56. hxg5+ hxg5+ 57. Kg4 Bc4 58. Kg3 Be6 59.
Rh1 Rc7 60. Rh6+ Ke5 61. Rb8 Rc8 62. Rb7 R8c7 1/2-1/2

[Event "Campeonato de Australia 2007-2008"]
[Site "Parramatta AUS"]
[Date "2008.01.05"]
[Round "6.4"]
[White "Ly, Moulthun"]
[Black "Goldenberg, Igor"]
[Result "1/2-1/2"]
[WhiteElo "2319"]
[BlackElo "2395"]
[PlyCount "127"]
[EventDate "2008.01.02"]
[EventType "swiss"]
[EventRounds "11"]
[EventCountry "AUS"]
[Source "lmi"]
[SourceDate "2008.01.02"]

1. e4 c5 2. Nf3 Nc6 3. d4 cxd4 4. Nxd4 Nf6 5. Nc3 d6 6. Bg5 Bd7 7. Qd2 Rc8 8.
O-O-O Nxd4 9. Qxd4 Qa5 10. Bxf6 gxf6 11. Kb1 Qc5 12. Qd2 f5 13. exf5 Bg7 14. f6
Bxf6 15. Ne4 Qe5 16. Nxf6+ Qxf6 17. Bd3 Bc6 18. f3 h6 19. Rhe1 Rg8 20. Re2 Rg5
21. Rde1 Rc7 22. Qb4 Kd8 23. Qh4 Rf5 24. Qxf6 Rxf6 25. Kc1 e6 26. Kd2 Ke7 27.
Ke3 Rc8 28. Rd2 Rg8 29. Bf1 e5 30. c4 h5 31. Kf2 b6 32. b4 Rg5 33. Re3 a5 34.
bxa5 bxa5 35. Bd3 Ke6 36. Rb2 Rg8 37. Rb6 Rc8 38. Ra6 Rf4 39. Rxa5 Rd4 40. Ra6
f5 41. Be2 Rd2 42. Ke1 Rd4 43. Rb3 Kd7 44. Ra7+ Rc7 45. Rxc7+ Kxc7 46. Rb2 h4
47. g3 hxg3 48. hxg3 d5 49. cxd5 Bxd5 50. a3 Ra4 51. Rc2+ Kd6 52. Rc3 Ra8 53.
Kf2 Ke6 54. f4 exf4 55. gxf4 Ra4 56. Kg3 Rd4 57. Bb5 Rd2 58. Re3+ Kf6 59. Re2
Rd1 60. a4 Ra1 61. Rd2 Be4 62. Rd6+ Ke7 63. Rd7+ Kf6 64. Rd6+ 1/2-1/2

[Event "Campeonato de Australia 2007-2008"]
[Site "Parramatta AUS"]
[Date "2008.01.05"]
[Round "6.5"]
[White "Lane, Gary William"]
[Black "Boyd, Tristan"]
[Result "1/2-1/2"]
[WhiteElo "2412"]
[BlackElo "2270"]
[PlyCount "66"]
[EventDate "2008.01.02"]
[EventType "swiss"]
[EventRounds "11"]
[EventCountry "AUS"]
[Source "lmi"]
[SourceDate "2008.01.02"]

1. e4 c5 2. Nf3 d6 3. d4 cxd4 4. Nxd4 Nf6 5. Nc3 a6 6. a4 Nc6 7. Be2 e5 8. Nb3
Be6 9. Bg5 Be7 10. O-O O-O 11. Qd2 Qc7 12. Be3 Rac8 13. a5 Bxb3 14. Bb6 Qd7 15.
cxb3 Bd8 16. Bc4 Bxb6 17. axb6 Qd8 18. Kh1 Qxb6 19. f4 Qd8 20. Rad1 Nd4 21.
fxe5 dxe5 22. Qg5 Qe7 23. Rd3 h6 24. Qe3 b5 25. Nd5 Nxd5 26. Bxd5 Rc7 27. Rc3
Ne6 28. Qb6 Rxc3 29. bxc3 Qc5 30. Qxa6 Nf4 31. c4 Qe3 32. Qa2 bxc4 33. bxc4 Rc8
1/2-1/2

[Event "Campeonato de Australia 2007-2008"]
[Site "Parramatta AUS"]
[Date "2008.01.05"]
[Round "6.6"]
[White "Bjelobrk, Igor"]
[Black "Xie, George"]
[Result "0-1"]
[WhiteElo "2380"]
[BlackElo "2413"]
[PlyCount "88"]
[EventDate "2008.01.02"]
[EventType "swiss"]
[EventRounds "11"]
[EventCountry "AUS"]
[Source "lmi"]
[SourceDate "2008.01.02"]

1. d4 Nc6 2. d5 Ne5 3. e4 e6 4. dxe6 fxe6 5. Nc3 Nc6 6. Nf3 Bb4 7. Bd3 Nge7 8.
O-O O-O 9. e5 Qe8 10. Re1 Qh5 11. Re4 Bc5 12. Qe2 Ng6 13. Na4 Be7 14. Nc3 b6
15. h4 Rxf3 16. Qxf3 Qxf3 17. gxf3 Ncxe5 18. h5 Nxf3+ 19. Kf1 Nge5 20. Bf4 Nxd3
21. cxd3 Bb7 22. Re3 Nd4 23. Rc1 Rf8 24. Be5 Nf3 25. Bxc7 Bg5 26. Bd6 Rf5 27.
Ne2 Bxe3 28. fxe3 Bc6 29. e4 Rxh5 30. Kf2 Ne5 31. Rc3 Nf7 32. Bb8 e5 33. Bxa7
b5 34. Rb3 Rh2+ 35. Ke3 h5 36. Bc5 h4 37. Rc3 d5 38. Rc1 dxe4 39. dxe4 Rh3+ 40.
Kf2 Bxe4 41. Be7 Rh2+ 42. Ke3 Bd5 43. Rg1 h3 44. Bf6 Rg2 0-1

[Event "Campeonato de Australia 2007-2008"]
[Site "Parramatta AUS"]
[Date "2008.01.05"]
[Round "6.7"]
[White "Lazarus, Benjamin"]
[Black "Illingworth, Max"]
[Result "1/2-1/2"]
[WhiteElo "2123"]
[BlackElo "2201"]
[PlyCount "88"]
[EventDate "2008.01.02"]
[EventType "swiss"]
[EventRounds "11"]
[EventCountry "AUS"]
[Source "lmi"]
[SourceDate "2008.01.02"]

1. e4 c5 2. Nf3 Nc6 3. Bb5 g6 4. Bxc6 bxc6 5. O-O Bg7 6. c3 Nf6 7. Re1 O-O 8.
d4 d5 9. e5 Ne4 10. Nbd2 cxd4 11. cxd4 c5 12. Nxe4 dxe4 13. Rxe4 Bb7 14. Re1
Bxf3 15. Qxf3 cxd4 16. Bg5 Rb8 17. Qa3 Rb7 18. Rad1 h6 19. Bf4 Qd5 20. Re2 Rd8
21. h3 e6 22. Qf3 Qxf3 23. gxf3 Rd5 24. b3 Rc7 25. Kg2 Rc3 26. Re4 g5 27. Bg3
d3 28. Re3 h5 29. f4 g4 30. hxg4 hxg4 31. Bh4 Rd4 32. Bg5 Kf8 33. Kg3 Ke8 34.
Kxg4 Kd7 35. Rd2 Bf8 36. Kf3 Kc6 37. Re4 Kd5 38. Rxd4+ Kxd4 39. f5 Kxe5 40.
fxe6 fxe6 41. Be3 a6 42. Bb6 Bh6 43. Be3 Bf8 44. Bb6 Bh6 1/2-1/2

[Event "Campeonato de Australia 2007-2008"]
[Site "Parramatta AUS"]
[Date "2008.01.05"]
[Round "6.8"]
[White "Canfell, Gregory"]
[Black "Chow, Samuel"]
[Result "1/2-1/2"]
[WhiteElo "2315"]
[BlackElo "2240"]
[PlyCount "104"]
[EventDate "2008.01.02"]
[EventType "swiss"]
[EventRounds "11"]
[EventCountry "AUS"]
[Source "lmi"]
[SourceDate "2008.01.02"]

1. e4 e6 2. d3 d5 3. Nd2 c5 4. Ngf3 Nc6 5. g3 g6 6. Bg2 Bg7 7. O-O Nge7 8. Re1
O-O 9. e5 Qc7 10. Qe2 g5 11. h3 Ng6 12. c3 h6 13. d4 cxd4 14. cxd4 Nb4 15. Rd1
b6 16. Nb3 a5 17. Be3 a4 18. Nc1 Ba6 19. Qd2 Nc2 20. Rb1 Rfc8 21. Ne2 Nxe3 22.
Qxe3 b5 23. Rbc1 Qa5 24. Rxc8+ Rxc8 25. Rc1 Rxc1+ 26. Qxc1 b4 27. Bf1 Bc4 28.
a3 bxa3 29. bxa3 Bf8 30. Nd2 Bxa3 31. Nxc4 Bxc1 32. Nxa5 Bd2 33. Nb7 a3 34. Nc5
a2 35. Nb3 Ne7 36. Bg2 Nc6 37. Kf1 Nb4 38. Na1 Nd3 39. Nb3 Be1 40. f4 gxf4 41.
gxf4 Bd2 42. f5 Kf8 43. fxe6 fxe6 44. Bf3 Nb4 45. Na1 Be3 46. Bg4 Kf7 47. Bh5+
Ke7 48. Kg2 Nd3 49. Kf3 Bd2 50. Bg6 Nc1 51. Nxc1 Bxc1 52. Nb3 Bb2 1/2-1/2

[Event "Campeonato de Australia 2007-2008"]
[Site "Parramatta AUS"]
[Date "2008.01.05"]
[Round "6.9"]
[White "Hamilton, Douglas"]
[Black "Yu, Ronald"]
[Result "0-1"]
[WhiteElo "2229"]
[BlackElo "2212"]
[PlyCount "82"]
[EventDate "2008.01.02"]
[EventType "swiss"]
[EventRounds "11"]
[EventCountry "AUS"]
[Source "lmi"]
[SourceDate "2008.01.02"]

1. d4 d5 2. c4 e5 3. dxe5 d4 4. Nf3 Nc6 5. a3 Nge7 6. g3 Ng6 7. Bg2 Be6 8. b3
Qd7 9. O-O O-O-O 10. Nbd2 Be7 11. Bb2 h5 12. h4 Ngxe5 13. b4 Nxf3+ 14. Nxf3
Bxc4 15. Rc1 Qe6 16. Re1 Bf6 17. Qc2 Bb3 18. Qd3 Bd5 19. Rc5 Ne5 20. Nxe5 Bxg2
21. Kxg2 Bxe5 22. Rec1 Rd7 23. b5 Re8 24. R1c2 g5 25. hxg5 h4 26. f4 Bd6 27.
R5c4 hxg3 28. Qxd4 Qg4 29. e3 f6 30. f5 Qxf5 31. Qxf6 Qd5+ 32. Qf3 Qxg5 33. Bf6
Qxe3 34. Qxe3 Rxe3 35. R4c3 Rxc3 36. Rxc3 Rf7 37. Bh4 Rf2+ 38. Kg1 Rb2 39. Bxg3
Bxg3 40. Rxg3 Rxb5 41. Kf2 Re5 0-1

[Event "Campeonato de Australia 2007-2008"]
[Site "Parramatta AUS"]
[Date "2008.01.05"]
[Round "6.10"]
[White "Pecori, Ascaro"]
[Black "Klein, Felix"]
[Result "1/2-1/2"]
[WhiteElo "2129"]
[BlackElo "2205"]
[PlyCount "102"]
[EventDate "2008.01.02"]
[EventType "swiss"]
[EventRounds "11"]
[EventCountry "AUS"]
[Source "lmi"]
[SourceDate "2008.01.02"]

1. d4 d5 2. Nf3 c6 3. Bf4 Qb6 4. Qc1 Bf5 5. e3 Nf6 6. Nbd2 e6 7. Be2 Nbd7 8.
O-O Be7 9. h3 O-O 10. Re1 h6 11. Ne5 c5 12. c3 Rfc8 13. a4 Nxe5 14. Bxe5 Ne4
15. Nxe4 Bxe4 16. Qd2 cxd4 17. Qxd4 Bc5 18. Qd2 Qd8 19. Bd3 Qg5 20. Bxe4 dxe4
21. Bf4 Qe7 22. Qc2 e5 23. Bg3 f5 24. Qb3+ Kh7 25. Qd5 Re8 26. Red1 Rad8 27.
Qc4 a5 28. Rd5 Rxd5 29. Qxd5 b6 30. Rd1 Qe6 31. Qxe6 Rxe6 32. Rd5 Bd6 33. f3
Rg6 34. fxe4 Rxg3 35. Rxd6 Rxe3 36. exf5 Re4 37. b3 Re3 38. Rc6 Rd3 39. Kf2 e4
40. Rc7 Kg8 41. Rc6 Kf7 42. g3 Rf3+ 43. Kg2 Rxf5 44. Rc4 Rf3 45. Rxe4 Rxc3 46.
b4 Kf6 47. g4 Rb3 48. bxa5 bxa5 49. Rf4+ Ke6 50. Rf5 Rb2+ 51. Kg3 Rb3+ 1/2-1/2

[Event "Campeonato de Australia 2007-2008"]
[Site "Parramatta AUS"]
[Date "2008.01.05"]
[Round "6.11"]
[White "Broekhuyse, Paul"]
[Black "Hu, Jason"]
[Result "1-0"]
[WhiteElo "2130"]
[BlackElo "2120"]
[PlyCount "57"]
[EventDate "2008.01.02"]
[EventType "swiss"]
[EventRounds "11"]
[EventCountry "AUS"]
[Source "lmi"]
[SourceDate "2008.01.02"]

1. d4 c5 2. d5 d6 3. e4 e5 4. f4 exf4 5. Bxf4 Qf6 6. Qc1 h6 7. Nf3 g5 8. Bg3 g4
9. e5 Qe7 10. Bb5+ Bd7 11. Bxd7+ Nxd7 12. Nh4 dxe5 13. O-O Qg5 14. Qe1 f6 15.
Nc3 O-O-O 16. Ne4 Qh5 17. Qa5 Nb8 18. Rad1 Qf7 19. Bxe5 b6 20. Qc3 Rxd5 21. Qb3
Rd7 22. Qxf7 Rxf7 23. Bxb8 Kxb8 24. Ng6 Rhh7 25. Rd8+ Kc7 26. Rxf8 Rxf8 27.
Nxf8 Rf7 28. Ng6 Kc6 29. Ne5+ 1-0

[Event "Campeonato de Australia 2007-2008"]
[Site "Parramatta AUS"]
[Date "2008.01.05"]
[Round "6.12"]
[White "Yadao, Israel"]
[Black "Stojic, Dusan"]
[Result "1/2-1/2"]
[WhiteElo "2266"]
[BlackElo "2155"]
[PlyCount "64"]
[EventDate "2008.01.02"]
[EventType "swiss"]
[EventRounds "11"]
[EventCountry "AUS"]
[Source "lmi"]
[SourceDate "2008.01.02"]

1. e4 c5 2. Nf3 d6 3. d4 cxd4 4. Nxd4 Nf6 5. Nc3 a6 6. Bc4 e6 7. a3 Nxe4 8.
Nxe4 d5 9. Bd3 dxe4 10. Bxe4 e5 11. Nf3 Qxd1+ 12. Kxd1 Nd7 13. Re1 Bd6 14. Bf5
f6 15. Be3 g6 16. Be6 Ke7 17. Bd5 Bc5 18. c4 Bxe3 19. fxe3 Nb6 20. e4 Nxd5 21.
exd5 Kd6 22. Kc2 b5 23. b3 Bd7 24. Nd2 f5 25. Kc3 Rhe8 26. Rad1 Rac8 27. b4 e4
28. c5+ Ke5 29. Nf3+ Kf6 30. Nd2 Ke5 31. Nf3+ Kf6 32. Nd2 Ke5 1/2-1/2

[Event "Campeonato de Australia 2007-2008"]
[Site "Parramatta AUS"]
[Date "2008.01.05"]
[Round "6.13"]
[White "Bird, Andrew"]
[Black "Ikeda, Junta"]
[Result "0-1"]
[WhiteElo "2148"]
[BlackElo "2201"]
[PlyCount "110"]
[EventDate "2008.01.02"]
[EventType "swiss"]
[EventRounds "11"]
[EventCountry "AUS"]
[Source "lmi"]
[SourceDate "2008.01.02"]

1. d4 Nf6 2. Nf3 e6 3. g3 b6 4. Bg2 Bb7 5. c4 g6 6. O-O Bg7 7. Nc3 O-O 8. Qc2
c5 9. d5 exd5 10. Nd2 b5 11. Nxb5 Bc6 12. Nc3 d4 13. Nce4 Re8 14. Re1 Qe7 15.
Nxf6+ Qxf6 16. Nb3 Na6 17. Bd2 Re5 18. Nc1 Rae8 19. Bf4 R5e7 20. Nd3 h5 21. h4
Bxg2 22. Kxg2 Qc6+ 23. Kg1 Bf6 24. a3 d6 25. b4 Nc7 26. b5 Qd7 27. a4 Ne6 28.
Rab1 g5 29. hxg5 Nxg5 30. Bxg5 Bxg5 31. Rb3 Qg4 32. Nc1 Be3 33. Kg2 Bxc1 34.
Qxc1 Rxe2 35. Rxe2 Rxe2 36. Rf3 Kg7 37. Rf4 Qg6 38. Qd1 Rc2 39. Rh4 d3 40. Rxh5
Qe4+ 41. Qf3 Rxc4 42. a5 Qxf3+ 43. Kxf3 Rb4 44. Rd5 c4 45. Ke3 Kf6 46. Rxd6+
Ke5 47. Ra6 Rxb5 48. Rxa7 Rd5 49. Kd2 c3+ 50. Kd1 c2+ 51. Kd2 Rc5 52. Re7+ Kd4
53. Re1 Rxa5 54. Rh1 Re5 55. Rh4+ Re4 0-1

[Event "Campeonato de Australia 2007-2008"]
[Site "Parramatta AUS"]
[Date "2008.01.05"]
[Round "6.14"]
[White "Charles, Gareth"]
[Black "Morris, Michael"]
[Result "0-1"]
[WhiteElo "2180"]
[BlackElo "1985"]
[PlyCount "40"]
[EventDate "2008.01.02"]
[EventType "swiss"]
[EventRounds "11"]
[EventCountry "AUS"]
[Source "lmi"]
[SourceDate "2008.01.02"]

1. d4 Nf6 2. Bg5 c5 3. d5 d6 4. Nc3 h6 5. Bf4 Qa5 6. Qd2 g5 7. Bg3 Nh5 8. e4
Bg7 9. Be2 Nxg3 10. hxg3 a6 11. Nh3 Qb4 12. O-O-O Bxh3 13. Rxh3 Nd7 14. Re1 c4
15. Nd1 Bxb2+ 16. Nxb2 c3 17. Qe3 cxb2+ 18. Kb1 Qxe1+ 19. Kxb2 Qb4+ 20. Kc1 Rc8
0-1

[Event "Campeonato de Australia 2007-2008"]
[Site "Parramatta AUS"]
[Date "2008.01.05"]
[Round "6.15"]
[White "Booth, Stewart"]
[Black "Oliver, Gareth"]
[Result "1/2-1/2"]
[WhiteElo "2142"]
[BlackElo "2164"]
[PlyCount "61"]
[EventDate "2008.01.02"]
[EventType "swiss"]
[EventRounds "11"]
[EventCountry "AUS"]
[Source "lmi"]
[SourceDate "2008.01.02"]

1. d4 Nf6 2. c4 g6 3. g3 Bg7 4. Bg2 O-O 5. Nf3 d6 6. O-O Nc6 7. Nc3 e5 8. d5
Ne7 9. e4 c5 10. dxc6 bxc6 11. Qc2 Qc7 12. h3 Be6 13. b3 Nd7 14. Rd1 Rad8 15.
Ba3 Nb8 16. Rac1 Bh6 17. Rb1 f5 18. Ne1 Na6 19. Nd3 fxe4 20. Nxe4 Nf5 21. Bb2
c5 22. g4 Nd4 23. Bxd4 exd4 24. g5 Bg7 25. f4 Rde8 26. Re1 Bf5 27. a3 Kh8 28.
Kh2 Re7 29. Re2 Rfe8 30. Rbe1 Rf8 31. Qd2 1/2-1/2

[Event "Campeonato de Australia 2007-2008"]
[Site "Parramatta AUS"]
[Date "2008.01.05"]
[Round "6.16"]
[White "Pyke, Malcolm"]
[Black "Atzmon-Simon, Barak"]
[Result "1/2-1/2"]
[WhiteElo "2191"]
[BlackElo "2142"]
[PlyCount "30"]
[EventDate "2008.01.02"]
[EventType "swiss"]
[EventRounds "11"]
[EventCountry "AUS"]
[Source "lmi"]
[SourceDate "2008.01.02"]

1. Nf3 d5 2. d4 Nf6 3. c4 dxc4 4. e3 e6 5. Bxc4 c5 6. O-O a6 7. dxc5 Qxd1 8.
Rxd1 Bxc5 9. a3 b5 10. Be2 Ke7 11. b4 Bb6 12. Bb2 Nbd7 13. Nbd2 Bb7 14. Rac1
Rhc8 15. Bd4 Bxd4 1/2-1/2

[Event "Campeonato de Australia 2007-2008"]
[Site "Parramatta AUS"]
[Date "2008.01.05"]
[Round "6.17"]
[White "Wei, Michael"]
[Black "Hacche, David"]
[Result "1/2-1/2"]
[WhiteElo "2139"]
[BlackElo "2182"]
[PlyCount "73"]
[EventDate "2008.01.02"]
[EventType "swiss"]
[EventRounds "11"]
[EventCountry "AUS"]
[Source "lmi"]
[SourceDate "2008.01.02"]

1. e4 g6 2. d4 Bg7 3. Nc3 d6 4. Be3 a6 5. a4 Nd7 6. Qd2 b6 7. Nf3 h6 8. Bd3 Bb7
9. O-O e6 10. h3 Ne7 11. Rad1 d5 12. exd5 Bxd5 13. Qe2 Bb7 14. Bf4 O-O 15. Ne5
Nf6 16. Ng4 Nxg4 17. Qxg4 Nf5 18. Be5 h5 19. Qe2 Bh6 20. d5 Qe7 21. Rfe1 Rfe8
22. g4 hxg4 23. Qxg4 Bg7 24. Bxg7 Nxg7 25. dxe6 Nxe6 26. Bc4 Qf6 27. Bxe6 Rxe6
28. Rxe6 fxe6 29. Ne4 Qf5 30. Ng5 Qxg4+ 31. hxg4 Bd5 32. Kh2 b5 33. a5 Kg7 34.
Kg3 Rh8 35. f3 Kf6 36. Ne4+ Bxe4 37. fxe4 1/2-1/2

[Event "Campeonato de Australia 2007-2008"]
[Site "Parramatta AUS"]
[Date "2008.01.05"]
[Round "6.18"]
[White "Suttor, Vincent"]
[Black "Capilitan, Romeo"]
[Result "1/2-1/2"]
[WhiteElo "2139"]
[BlackElo "2134"]
[PlyCount "36"]
[EventDate "2008.01.02"]
[EventType "swiss"]
[EventRounds "11"]
[EventCountry "AUS"]
[Source "lmi"]
[SourceDate "2008.01.02"]

1. d4 Nf6 2. c4 e6 3. Nf3 b6 4. g3 Bb7 5. Bg2 Bb4+ 6. Bd2 Qe7 7. O-O Bxd2 8.
Qxd2 d6 9. Nc3 Nbd7 10. Rfe1 O-O 11. e4 e5 12. Rac1 Rfe8 13. Qc2 a5 14. Re2 g6
15. Rce1 Qf8 16. Nb5 Rac8 17. Na7 Ra8 18. Nb5 Rac8 1/2-1/2

[Event "Campeonato de Australia 2007-2008"]
[Site "Parramatta AUS"]
[Date "2008.01.05"]
[Round "6.19"]
[White "Malik, Hani"]
[Black "Morris, James"]
[Result "1/2-1/2"]
[WhiteElo "2009"]
[BlackElo "2096"]
[PlyCount "113"]
[EventDate "2008.01.02"]
[EventType "swiss"]
[EventRounds "11"]
[EventCountry "AUS"]
[Source "lmi"]
[SourceDate "2008.01.02"]

1. e4 e6 2. d4 d5 3. Nc3 Nf6 4. Bg5 Bb4 5. e5 h6 6. Bd2 Bxc3 7. Bxc3 Ne4 8. Bb4
c5 9. Bxc5 Nxc5 10. dxc5 Nc6 11. f4 Qa5+ 12. Qd2 Qxc5 13. Nf3 Bd7 14. O-O-O
O-O-O 15. Kb1 Kb8 16. Nd4 Rc8 17. c3 Na5 18. Ka1 Qb6 19. Re1 a6 20. Bd3 Bb5 21.
Nxb5 axb5 22. Rhf1 g6 23. Kb1 Rhd8 24. Qf2 Qa6 25. g4 Nc4 26. f5 b4 27. Bxc4
Qxc4 28. cxb4 Qd3+ 29. Ka1 Rc2 30. Qe3 Qxe3 31. Rxe3 d4 32. Rd3 exf5 33. gxf5
gxf5 34. a3 Rxh2 35. Rxf5 Rh4 36. Rxf7 Re4 37. Rh7 Re3 38. Rd1 Rh3 39. e6 d3
40. Kb1 Re8 41. Rd7 Rxe6 42. R1xd3 Rxd3 43. Rxd3 h5 44. Rd8+ Kc7 45. Rh8 Re1+
46. Ka2 Rh1 47. Rh6 h4 48. b5 b6 49. Rc6+ Kb7 50. Rh6 h3 51. Rh7+ Kb8 52. b4 h2
53. a4 Kc8 54. a5 Kb8 55. axb6 Ka8 56. b7+ Kb8 57. b6 1/2-1/2